Responses for show #541 - Monday, January 5, 1987

Keith Bell game 2.

Contestants

[<< previous game]

Dale Butland, a press secretary originally from Columbus, Ohio

Charlene Hofferstad, a housewife from North Haven, Connecticut

Keith Bell, a personnel specialist from Alexandria, Virginia (whose 1-day cash winnings total $13,901)

[next game >>]

Jeopardy! Round responses

CONTESTS
BLUNDERS
THE BRITISH ISLES
FOOD & DRINK
TV COPS
"CAT" EGORY
    $100 10
Ed McMahon

Keith
    $100 5
errors

Dale
    $100 1
(Keith: [Shrugs his shoulders.] No. Sorry.)
(Charlene: What is blarney?)
---
(Alex: What is [*]. Sometimes it pays to go with the obvious.)

Irish

KeithCharlene
Triple Stumper
    $100 13
a lemonade

Triple Stumper
    $100 16
(Alex: [*] is correct. Joe Friday.)

Dragnet

Dale
    $100 4
(Charlene: What's a...?)

cattle

KeithCharlene
    $200 6
[Note: Alex reads "T. Helms" as "Thomas Helms".]
---
(Alex: He was safe, by the way.)
(Keith: Good for him.)

the Empire State Building

Keith
    $200 2
(Dale: What is...)
(Alex: You have to ring in first.)
[Dale rings in.]
(Dale: What is the Shannon?)
(Alex: No.)

the Thames

KeithDale
    $200 14
New Zealand

Keith
    $200 17
Banacek

Keith
    $300 23
swimming, bicycling and running

Keith
    $300 7
to give birth

Dale
    $300 3
Wales

Charlene
    $300 15
(Keith: What are fruit cakes?)
(Charlene: What are sandwiches?)

raw clams

KeithCharleneDale
    $300 18
Jack Palance

Keith
    $400 21
(Charlene: What is 50 words or less?)

25 words or less

KeithCharlene
    $400 8
[Note: Alex reads "R. Lacoste" as "Rene Lacoste".]

The Crocodile

Keith
    $400 11
a clan

Dale
    $400 19
(Alex: That's right, and we've got a minute to go in the round.)

Bruce Jenner

Charlene
    $500 22
the face

Charlene
    $500 9
(Keith: What is Coca-Cola?)
---
(Alex: Yes, "Come alive, the Pepsi Generation".)

Pepsi

KeithCharlene
    $500 12
moors

Keith
    $500 20
(Ron) Harris

Charlene
    $500 24
(Alex: A play on words here...)
---
(Keith: What's a cataclysm?)
(Charlene: What's a catamount?)
---

Catskills

KeithCharlene
Triple Stumper

Scores at the first commercial break (after clue 10):

Keith Charlene Dale
$400 $600 $200

Scores at the end of the Jeopardy! Round:

Keith Charlene Dale
$1,500 $800 $1,000

Double Jeopardy! Round responses

ART
BUSINESS & INDUSTRY
WOMEN IN HISTORY
LETTER PERFECT
FILM FACTS
LITERARY CANNIBALS
    $200 7
the Magi

Charlene
    $200 16
Gallo

Dale
    $200 6
Evita Peron

Keith
    $200 1
G

Triple Stumper
    $200 17
Cleopatra

Dale
    $200 9
Hansel

Dale
    $400 8
(Alex: The famous--I was about to say "famous", perhaps not so famous--painting by Jean-Fran├žois Millet had [*] in the foreground.)

3

Triple Stumper
    $400 10
Queen Isabella

Triple Stumper
    $400 2
the Y

Charlene
    $400 18
(Alex: You got it, X-Rated.)

blue cinemas or XXX houses

Keith
    $400 23
Sweeney Todd

Keith
    $600 13
(Keith: What is railroading...[*]?)

train

Keith
    $600 11
Annie Oakley

Keith
    $600 3
(Keith: What is A.D.?)
(Dale: What is circa?)
(Charlene: What is i.e.?)
---
(Alex: Dale was closest, but we're talking about "Letter Perfect". We're going for letters. You gave me a word. The letter is [*]. Sorry about that.)

c

KeithCharleneDale
Triple Stumper
    $600 19
(Charlene: What is over the beginning of the movie?)
---
(Alex: We've got a minute to go in the round.)

spoken (rather than written out)

Charlene
Triple Stumper
    $600 24
(Keith: Um...no.)

Mark Twain

Keith
Triple Stumper
    $1,000 14
Michelangelo (Buonarroti)

Keith
    $800 12
(Dale: What is dead?)

an American slave

Dale
Triple Stumper
    $500 4
M

Charlene
    $800 20
Esperanto

Dale
    $1000 15
(Keith: Who is Hals?)

Johannes Vermeer

Keith
Triple Stumper
    $1000 22
(Charlene: Who is Florence Nightingale?)

Clara Barton

Charlene
Triple Stumper
    $1000 5
(Alex: [*] for Japan.)

J

Dale
    $1000 21
(Keith: What is India?)
(Dale: What is the Soviet Union?)

Red China

KeithDale
Triple Stumper

Scores at the end of the Double Jeopardy! Round:

Keith Charlene Dale
$1,500 -$300 $1,000

[wagering suggestions for these scores]

Final Jeopardy! Round responses

WORLD POLITICS
(Alex: Because of the presence there of the United Nations.)
DaleWhat is New York?
$1,000
KeithWhat is New York?
$500
New York

Final scores:

Keith Charlene Dale
$2,000 -$300 $2,000
2-day co-champion: $15,901 2nd place New co-champion: $2,000

Game dynamics:

Coryat scores:

Keith Charlene Dale
$1,300 $0 $1,000
17 R
(including 1 DD),
8 W
8 R
(including 1 DD),
8 W
10 R,
4 W

Combined Coryat: $2,300

The J! Archive is created by fans, for fans. The Jeopardy! game show and all elements thereof, including but not limited to copyright and trademark thereto, are the property of Jeopardy Productions, Inc. and are protected under law. This website is not affiliated with, sponsored by, or operated by Jeopardy Productions, Inc. Join the discussion at JBoard.tv.